00642nam a2200205Ia 4500003000400000005001700004008004100021020001800062040001800080041000800098082002100106100002300127245009800150250001200248260004900260300002900309650002200338650002100360650005500381OSt20250814160930.0210716s2009 xx 000 0 und d a9780470406786 cAIMIT LIBRARY aeng a374.22 21bTAVJ aTavakoli, Janet M. aDear mr buffett : bwhat an investor learns 1269 miles from wall street /cBy Janet Tavakoli. a1st ed. aNew Jersey :bJohn Willy & Sons,Inc ,c2009. axvi,282p. ;bPBc24 5 cm aLunch with warren aDead man's curve aThe prairie princes versus the princes of darkness